000 00666nam a2200229Ia 4500
003 GCL
008 140319s9999 xx 000 0 ara d
040 _aGCL /
_cGCL
082 0 4 _aط
_b926.1
_bم ا
100 1 _aطالب مكى
245 1 0 _aابو بكر الرازى /
_cطالب مكى
700 1 _aمنذر الشعار
300 _a35 ص
490 _aالسلسلة التاريخية
_v0
650 0 4 _aالاطفال
650 0 4 _aالطب عند العرب
650 0 4 _aالعلوم عند العرب
650 0 4 _aالاطباء العرب
650 0 4 _aابوبكر الرازى
650 0 4 _aالاطباء - تراجم
942 _2ddc
_cBK
999 _c51393
_d51393